000 00232nam a2200109Ia 4500
999 _c7475
_d7475
020 _a978-0471243489
100 _aHoward Anton
245 0 _aCalculus
260 _aNew Delhi
_bTata McGraw Hill
_c1999
300 _a1200
942 _cBK